000 00806nam a2200217Ii 4500
003 JO-AjNU
008 230605s9999||||xx |||||||||||||| ||und||
017 _a2003/4/755
040 _aJO-AjNU
_bara
_erda
_cJO-AjNU
041 _aara
050 1 4 _aHF5439.B35.H546.2009
100 3 _aهلالي،محمد جمال علي/عبدالرزاق شحادة,
_eauthor
_933378
245 0 0 _aمحاسبة المؤسسات المالية:البنوك التجارية وشركات التأمين
250 _aط1
264 3 1 _aعمان:دار المناهج للنشر والتوزيع؛2009
300 _a468ص
336 _atext
_btxt
_2rdacontent
337 _aunmediated
_bn
_2rdamedia
338 _avolume
_bnc
_2rdacarrier
650 4 _aالمحاسبة المالية-البنوك التجارية
_933379
999 _aA13579
_c17147
_d17147